El caballero de olmedo /

Guardado en:
Autor Principal: Vega Carpio Frey Lope, Felix De
Formato: Libro
Publicado: Buenos Aires : Huemul, 1968
Materias:
Etiquetas: Agregar Etiqueta
Sin Etiquetas, Sea el primero en etiquetar este registro!
LEADER 01111nam a22002775a 4500
001 CEM.cems006480
005 20060214000000.0
008 130507s1968##################000#0#####d
003 CEMS
082 0 4 |a 862.3 
100 1 |a Vega Carpio Frey Lope, Felix De 
245 1 0 |a El caballero de olmedo / 
260 |a Buenos Aires :  |b Huemul,  |c 1968 
300 |a 142 p. 
653 |a Literatura 
653 |a Teatro 
653 |a Teatro español-siglo de oro 
859 |a CEMS  |b BIB. CEMS - 11 de abril  |h 862.3  |i V522-4  |p 4053.75  |t Ej.1 
859 |a CEMS  |b BIB. CEMS - 11 de abril  |h 862.3  |i V522-4  |p 4054.75  |t Ej.2 
859 |a CEMS  |b BIB. CEMS - 11 de abril  |h 862.3  |i V522-4  |p 4055.75  |t Ej.3 
859 |a CEMS  |b BIB. CEMS - 11 de abril  |h 862.3  |i V522-4  |p 4056.75  |t Ej.4 
859 |a CEMS  |b BIB. CEMS - 11 de abril  |h 862.3  |i V522-4  |p 4057.75  |t Ej.5 
859 |a CEMS  |b BIB. CEMS - 11 de abril  |h 862.3  |i V522-4  |p 4058.75  |t Ej.6 
859 |a CEMS  |b BIB. CEMS - 11 de abril  |h 862.3  |i V522-4  |p 4059.75  |t Ej.7 
859 |a CEMS  |b BIB. CEMS - 11 de abril  |h 862.3  |i V522-4  |p 4060.75  |t Ej.8 
859 |a CEMS  |b BIB. CEMS - 11 de abril  |h 862.3  |i V522-4  |p 4061.75  |t Ej.9